Taylor Swift - Paroles Who's Afraid of Little Old Me? - Statistiques

Statistiques générales
  • Ce quiz a été pris 302 fois
    294 depuis la dernière actualisation
  • Le résultat moyen est 392 sur 452
Statistiques - réponses
Hint Réponse % Correct
Couplet 1 | Couplet 2 The
100%
the
100%
who
100%
a
99%
of
99%
who's
99%
"Who’s
99%
"Who's
99%
Who's
99%
You
99%
you
99%
Post-refrain (You
99%
I
98%
me
98%
me?"
98%
me?
98%
me,
98%
should
98%
afraid
97%
be
97%
be)
97%
little
97%
old
97%
that
97%
That
97%
do
96%
to
96%
about
94%
an
94%
and
94%
And
94%
don't
94%
"Don't
94%
Pré-refrain If
94%
if
94%
Bridge | Refrain So
94%
as
93%
But
93%
but
93%
is
93%
Pré-refrain Is
93%
is?
93%
not
93%
tell
93%
your
93%
At
92%
from
92%
it
92%
scream
92%
sad
91%
they
91%
get
90%
we
90%
what
90%
feel
89%
my
89%
attack
88%
down
88%
just
88%
more
88%
said
88%
said?
88%
was
88%
did?
87%
made
87%
street
87%
all
86%
bad
85%
hear
85%
hurt
85%
dead,
84%
everything
84%
like
84%
on
84%
for
83%
wanted
83%
in
82%
party
82%
Crash
81%
gallows
81%
levitate
81%
didn't
80%
where
80%
alive
79%
her
79%
Then
79%
then
79%
this
79%
Well,
79%
worry,
79%
joke
78%
mean
78%
one
78%
raised
78%
should've
78%
circus
77%
life
77%
Nothing
77%
say
77%
gentle
76%
Let's
76%
makes
76%
took
76%
record
75%
wouldn't
75%
can
74%
last
74%
teeth"
74%
wonder
74%
cry
73%
hour
73%
I'm
73%
tame,
73%
'til
73%
scratch
72%
has
71%
how
71%
leap
71%
out
71%
poised
71%
asylum
70%
always
69%
could
69%
drunk
69%
laugh
69%
until
69%
broke?
68%
into
68%
scandal
68%
I'll
67%
own
67%
tears,
67%
that's
67%
had
66%
singin'
66%
why
66%
contained
65%
step
65%
'Cause
64%
'cause
64%
disturbed
64%
folks,
64%
good
64%
show
64%
still
64%
their
64%
you're
64%
along
63%
wanna
63%
with
63%
bullet
62%
crazy
62%
name
62%
house
61%
isn't
61%
kids
60%
sneak
60%
called
59%
songs
59%
am
58%
fearsome
58%
Put
58%
sue
58%
keep
57%
hands
56%
wrong
56%
bare
54%
narcotics
54%
costs,
51%
lawn
51%
caged
48%
paths
48%
cobwebs
47%
snarl
44%
wretched
44%
trained
40%
paved
38%
taught
35%
grazed
33%
lured
25%
Aucun quiz correspondant
Distribution des résultats
% des personnes avec chaque résultat
Percentile par nombre de réponses
Votre historique - résultats
Vous n’avez pas pris ce quiz depuis la dernière actualisation